| 000 | 00487 a2200145 4500 | ||
|---|---|---|---|
| 999 |
_c2647 _d2647 |
||
| 020 | _a075067413X | ||
| 050 | _aHD 39.28 KAT 2002 | ||
| 100 | _aKatsioloudes, Marios I. | ||
| 245 |
_aGlobal strategic planning : _bcultural perspectives for profit and nonprofit organizations/ _cMarios I. Katsioloudes |
||
| 264 |
_aJohannesburg: _bButterworth-heinemann; _c2002 |
||
| 300 |
_axix,396p.: _bill. |
||
| 500 | _aincludes index | ||
| 650 | _acultural perspectives | ||
| 942 |
_2lcc _cBK _h30.28 _iKAT _kHD |
||